| Tag |
First Indicator |
Second Indicator |
Subfields |
| LEADER |
00000cam a2200000Ka 4500 |
| 001 |
in00004516639 |
| 005 |
20191204153939.0 |
| 008 |
060807s2006 nyua 001 0 eng d |
| 015 |
|
|
|a GBA650592
|2 bnb
|
| 016 |
7 |
|
|a 013479892
|2 Uk
|
| 019 |
|
|
|a 69732392
|a 174056219
|
| 020 |
|
|
|a 007147885X (pbk.)
|
| 020 |
|
|
|a 9780071478854 (pbk.)
|
| 020 |
|
|
|a 9780071461979 (pbk.)
|
| 020 |
|
|
|a 0071461973 (set)
|
| 035 |
|
|
|a (OCoLC)ocm70846672
|
| 035 |
|
|
|a (OCoLC)70846672
|z (OCoLC)69732392
|z (OCoLC)174056219
|
| 040 |
|
|
|a MUS
|c MUS
|d NLGGC
|d UKM
|d BAKER
|d OCLCG
|d AU@
|d MUQ
|d VAM
|d COU
|d YDXCP
|d JVD
|d PAU
|d UtOrBLW
|
| 049 |
|
|
|a TMVM
|c 1
|
| 050 |
|
4 |
|a QP514.2
|b .H3 2006b
|
| 060 |
|
4 |
|a QU 4
|b H294 2006
|
| 245 |
0 |
0 |
|a Harper's illustrated biochemistry /
|c Robert K. Murray [and others].
|
| 246 |
1 |
3 |
|a Harper's biochemistry
|
| 246 |
3 |
|
|a Illustrated biochemistry
|
| 250 |
|
|
|a Twenty-seventh edition.
|
| 264 |
|
1 |
|a New York :
|b Lange Medical Books/McGraw-Hill,
|c [2006]
|
| 264 |
|
4 |
|c ©2006
|
| 300 |
|
|
|a x, 692 pages :
|b color illustrations ;
|c 24 cm.
|
| 336 |
|
|
|a text
|2 rdacontent
|b txt
|
| 337 |
|
|
|a unmediated
|2 rdamedia
|
| 338 |
|
|
|a volume
|2 rdacarrier
|b nc
|
| 490 |
0 |
|
|a Lange medical book
|
| 500 |
|
|
|a Includes index.
|
| 500 |
|
|
|a Previous edition: published as Harper's biochemistry. New York; London: McGraw-Hill, 2003.
|
| 504 |
|
|
|a Includes bibliographical references and index.
|
| 650 |
|
0 |
|a Biochemistry.
|
| 650 |
|
0 |
|a Clinical biochemistry.
|
| 650 |
|
2 |
|a Biochemistry.
|
| 650 |
|
2 |
|a Molecular Biology.
|
| 650 |
|
2 |
|a Metabolism.
|
| 650 |
|
2 |
|a Energy Metabolism.
|
| 700 |
1 |
|
|a Murray, Robert K.
|q (Robert Kincaid),
|d 1932-
|
| 948 |
|
|
|a Withdrawn from Temple collection; 6/16/17, rf.
|
| 999 |
f |
f |
|s 596587ad-7e0c-3a59-be57-70b8d3fe50e2
|i 41416aee-1c88-3d49-a3ce-020b69d35075
|t 0
|
| 952 |
f |
f |
|p ric
|a Texas A&M University
|b Rellis Campus
|c Joint Library Facility
|d Remote Storage
|t 0
|e QU 4 H294 2006
|h National Library of Medicine classification
|i unmediated -- volume
|m 9780071461979T01
|
| 998 |
f |
f |
|a QU 4 H294 2006
|t 0
|l Remote Storage
|